banner-ar

اشعاعات الحضارة الاسلامية فى الهند : (Record no. 66847)

MARC details
000 -الفاتح
حقل البيانات ثابتة الطول 00961nam a2200205Ia 4500
005 - وقت وتاريخ اخر تعامل مع التسجيلة
رقم الضبط 20240530110943.0
008 - عناصر البيانات ثابتة الطول - معلومات عامة
حقل البيانات ثابتة الطول 140319s2020 sy bhk b 000 0 ara d
022 ## - الرقم الدولى المعيارى للدوريات
الرقم الدولى المعيارى للدوريات 9789933647049
040 ## - مصدر الفهرسة
وكالة الفهرسة الأصلية GCL /
وكالة النسخ GCL
082 04 - رقم تصنيف ديوى العشرى
رقم التصنيف 704.9481
رقم المادة و إ
100 0# - المدخل الرئيسى - إسم شخصى
الإسم الشخصى وفاء محمود عبدالحليم
245 10 - بيان العنوان
العنوان اشعاعات الحضارة الاسلامية فى الهند :
بقية العنوان العمارة الفنون الاسلامية فى الكجرات فترة حكم سلاطين المظفر شاهين /
بيان المسئوليه,etc وفاء محمود عبدالحليم
260 ## - PUBLICATION, DISTRIBUTION, ETC. (IMPRINT)
تاريخ النشر أو التوزيع 2020.
300 ## - الوصف المادى
التعداد 310 ص. :
تفاصيل ماديه اخرى للوعاء ايض ؛
أبعاد الوعاء 24 سم.
504 ## - تبصرة ببليوجرافية
تبصرة ببليوجرافية,الخ يشتمل على ارجاعات ببليوجرافية
650 07 - المدخل الاضافى بالموضوع-مصطلح موضوعى
مصدر الرأس أو المصطلح qrmak
مصطلح موضوعي العمارة الاسلامية
التقسيم الفرعي الجغرافي الهند
650 07 - المدخل الاضافى بالموضوع-مصطلح موضوعى
مصدر الرأس أو المصطلح qrmak
مصطلح موضوعي الفنون الاسلامية
التقسيم الفرعي الجغرافي الهند
942 ## - عناصر المدخل الإضافي( كوها)
مصدر التصنيف او مخطط الترفيف Dewey Decimal Classification
Koha [default] item type كتاب
260 ## - PUBLICATION, DISTRIBUTION, ETC. (IMPRINT)
-- دمشق :
-- نور حوران للدراسات والنشر والتراث،
Holdings
حالة التراجع حالة الفقد حالة تلف ليس للاعارة المكان المؤقت الموقع الحالى موقع الترفيف تاريخ الاكتساب اجمالي اﻻعارات رقم الطلب الباركود تاريخ اخر مشاهدة تاريخ تفعيل السعر نوع وعاء كوها
        مكتبة القاهرة الكبرى مكتبة القاهرة الكبرى   11/08/2022   704.9481 و إ 168805 11/08/2022 11/08/2022 كتاب

Powered By

EGPV